Statistics for Biggest US States by Area

Click here to take the quiz!

General Stats

  • This quiz has been taken 40 times
  • The average score is 18 of 20

Answer Stats

Area(square miles)State% Correct
665,384Alaska
100%
163,696California
100%
268,596Texas
100%
147,040Montana
97%
113,590Arizona
94%
104,094Colorado
94%
121,590New Mexico
94%
84,897Utah
94%
71,298Washington
94%
82,278Kansas
88%
110,572Nevada
88%
98,379Oregon
85%
97,813Wyoming
85%
83,569Idaho
82%
70,698North Dakota
82%
77,116South Dakota
82%
96,714Michigan
79%
86,936Minnesota
79%
77,348Nebraska
76%
69,899Oklahoma
68%

Score Distribution

Percentile by Number Answered

Percent of People with Each Score

Your Score History

You have not taken this quiz